Nguồn lợi sinh vật biển Đông

में बचाया:
ग्रंथसूची विवरण
मुख्य लेखक: Vũ Trung Tạng
स्वरूप: पुस्तक
प्रकाशित: H. Khoa học và Kỹ thuật 1979
विषय:
टैग : टैग जोड़ें
कोई टैग नहीं, इस रिकॉर्ड को टैग करने वाले पहले व्यक्ति बनें!
Thư viện lưu trữ: Trung tâm Học liệu Lê Vũ Hùng, Trường Đại học Đồng Tháp
LEADER 00674pam a22002178a 4500
001 00018817
005 20171026081022.0
008 110429s1979 ||||||Viesd
041 0 # |a Vie 
082 1 4 |a 597.177  |b NG517L 
100 0 # |a Vũ Trung Tạng 
245 0 0 |a Nguồn lợi sinh vật biển Đông  |c Vũ Trung Tạng 
260 # # |a H.  |b Khoa học và Kỹ thuật  |c 1979 
300 # # |a 163 tr.  |c 19 cm. 
653 # # |a Biển Đông 
653 # # |a Hải sản 
653 # # |a Sinh vật 
852 # # |b Kho đọc  |j KD.0004118 
852 # # |j KD.0004118 
910 |d 29/04/2011 
980 # # |a Trung tâm Học liệu Lê Vũ Hùng, Trường Đại học Đồng Tháp